[Event "Play for Durgesh Fundraiser Blitz"]
[Site "Vishy Anand Arena"]
[Date "2020.09.19"]
[Round "6"]
[White "Rasulov Vugar"]
[Black "Samriddhaa"]
[Result "1-0"]
[WhiteElo "2508"]
[BlackElo "2034"]
[Annotator "RC"]
[PlyCount "71"]
[EventDate "2020.09.19"]
[EventType "swiss (blitz)"]

1. e4 e6 2. d4 d5 3. Nc3 Nf6 4. Bg5 Bb4 5. Nge2 h6 6. Bxf6 Qxf6 7. a3 Bxc3+ 8. Nxc3 c6 9. Qd2 Nd7 10. O-O-O O-O 11. f4 b5 12. e5 Qe7 13. g4 b4 14. axb4 Qxb4 15. Nb1 Qa4 16. g5 h5 17. g6 fxg6 18. Bd3 Rb8 19. Bxg6 Qa2 20. b3 Nb6 21. Rhg1 Nc4 22. Qc3 Rxf4 23. Rdf1 Rxf1+ 24. Rxf1 Ba6 25. Bf7+ Kh8 26. Rg1 Rf8 27. Bxh5 Rf2 28. bxc4 Bxc4 29. Bd1 Qa6 30. Qg3 Rf7 31. Qh4+ Kg8 32. Qd8+ Rf8 33. Qe7 Rf7 34. Qe8+ Rf8 35. Qxe6+ Kh7 36. Qg6+ 1-0

[Event "Play for Durgesh Fundraiser Blitz"]
[Site "Vishy Anand Arena"]
[Date "2020.09.19"]
[Round "6"]
[White "Terryr"]
[Black "Gk06"]
[Result "1-0"]
[WhiteElo "2477"]
[BlackElo "2511"]
[Annotator "NA"]
[PlyCount "65"]
[EventDate "2020.09.19"]
[EventType "swiss (blitz)"]

1. d4 Nf6 2. Nf3 d5 3. c4 e6 4. e3 b6 5. b3 Bb7 6. Bd3 Nbd7 7. Bb2 a6 8. O-O Bd6 9. Nc3 O-O 10. Rc1 c5 11. cxd5 exd5 12. dxc5 bxc5 13. Bf5 Ne5 14. Na4 Nxf3+ 15. Qxf3 Qe7 16. Nxc5 Bxc5 17. Bxf6 Qxf6 18. Rxc5 Qb6 19. Rfc1 d4 20. Bxh7+ Kxh7 21. Qh3+ Kg8 22. Rh5 f6 23. Rh8+ Kf7 24. Qd7+ Kg6 25. Qg4+ Kf7 26. Qd7+ Kg6 27. Rxf8 Rxf8 28. Rc7 Qxc7 29. Qxc7 Rc8 30. Qg3+ Kf7 31. h3 d3 32. Qd6 Be4 33. Qd7+ 1-0

[Event "Play for Durgesh Fundraiser Blitz"]
[Site "Vishy Anand Arena"]
[Date "2020.09.19"]
[Round "6"]
[White "Terryr"]
[Black "Gk06"]
[Result "1/2-1/2"]
[WhiteElo "2475"]
[BlackElo "2512"]
[Annotator "NA"]
[PlyCount "169"]
[EventDate "2020.09.19"]
[EventType "swiss (blitz)"]

1. d4 d5 2. Bg5 h6 3. Bh4 c6 4. e3 Qb6 5. b3 Bf5 6. Nf3 Nd7 7. Bd3 Bxd3 8. Qxd3 e6 9. O-O Be7 10. Bg3 Ngf6 11. Nbd2 O-O 12. e4 dxe4 13. Nxe4 Nxe4 14. Qxe4 c5 15. c4 Nf6 16. Qe3 cxd4 17. Qxd4 Qxd4 18. Nxd4 Ne4 19. Rfe1 Nxg3 20. hxg3 Rfd8 21. Rad1 Bb4 22. Rf1 Bc5 23. Ne2 Kf8 24. Nc3 Ke7 25. Rfe1 Kf8 26. Kf1 Bb4 27. Rxd8+ Rxd8 28. Rd1 Rc8 29. Ne2 Ke7 30. Nf4 a6 31. Nd3 Ba3 32. Rd2 b5 33. Rc2 bxc4 34. bxc4 Kd6 35. Ke2 Rb8 36. Rc3 Bc5 37. Rb3 Rxb3 38. axb3 Bd4 39. g4 a5 40. Kf3 f5 41. gxf5 exf5 42. Ke2 g5 43. f3 h5 44. Kf1 h4 45. g4 hxg3 46. Kg2 Be5 47. Kh3 Bf4 48. Kg2 Kc6 49. Kh3 Bd6 50. Kg2 Kb6 51. Kh3 Bc7 52. Kg2 a4 53. bxa4 Ka5 54. Nc5 Bb6 55. Ne6 Kxa4 56. Nxg5 Bf2 57. Nh3 Be1 58. Nf4 Bf2 59. Ne2 Be3 60. Nxg3 f4 61. Nf5 Kb4 62. Kh3 Kxc4 63. Kg4 Kd3 64. Nh4 Ke2 65. Ng6 Kf2 66. Nxf4 Bd2 67. Nd5 Kg1 68. f4 Kh2 69. f5 Bc3 70. f6 Bxf6 71. Kf5 Be5 72. Ke6 Bf4 73. Ne7 Bg3 74. Nd5 Bf2 75. Ne7 Bg3 76. Nf5 Bf2 77. Kd5 Bg3 78. Nd4 Bf2 79. Nf3+ Kg2 80. Ne5 Kf1 81. Ke4 Ke2 82. Nd3 Be3 83. Nf4+ Kf1 84. Nd5 Kg1 85. Nxe3 1/2-1/2

[Event "Play for Durgesh Fundraiser Blitz"]
[Site "Vishy Anand Arena"]
[Date "2020.09.19"]
[Round "6"]
[White "RACEKING"]
[Black "Arjunkalyan"]
[Result "1/2-1/2"]
[WhiteElo "2423"]
[BlackElo "2343"]
[PlyCount "70"]
[EventDate "2020.09.19"]
[EventType "swiss (blitz)"]

1. c4 c6 2. d4 d5 3. Nf3 Nf6 4. Nc3 e6 5. Bg5 h6 6. Bxf6 Qxf6 7. e3 Nd7 8. Rc1 g6 9. Bd3 Bg7 10. O-O dxc4 11. Bxc4 O-O 12. h3 b6 13. Qe2 a5 14. e4 Qe7 15. e5 Bb7 16. Ne4 c5 17. Bb5 Bxe4 18. Qxe4 Rac8 19. Qb7 Rfd8 20. dxc5 Rb8 21. Qc7 Rbc8 22. Qd6 Qxd6 23. cxd6 Nxe5 24. Nxe5 Bxe5 25. Rxc8 Rxc8 26. d7 Rd8 27. b3 Bd6 28. Rd1 Bc5 29. g3 Kf8 30. Kg2 Ke7 31. h4 g5 32. hxg5 hxg5 33. Rh1 Kf6 34. Rh6+ Kg7 35. Rh1 Kf6 1/2-1/2

[Event "Play for Durgesh Fundraiser Blitz"]
[Site "Vishy Anand Arena"]
[Date "2020.09.19"]
[Round "6"]
[White "RACEKING"]
[Black "Arjunkalyan"]
[Result "0-1"]
[WhiteElo "2419"]
[BlackElo "2347"]
[PlyCount "128"]
[EventDate "2020.09.19"]
[EventType "swiss (blitz)"]

1. d4 d5 2. c4 c6 3. cxd5 cxd5 4. Nc3 Nf6 5. Bf4 Nc6 6. Nf3 Ne4 7. e3 Nxc3 8. bxc3 e6 9. Bd3 Bd6 10. Bg3 O-O 11. O-O b6 12. c4 dxc4 13. Bxc4 Bb7 14. Qe2 Rc8 15. Rac1 h6 16. Rfd1 Qe7 17. Ba6 Bxg3 18. hxg3 Nb4 19. Bxb7 Qxb7 20. a3 Nd5 21. Qb2 Rxc1 22. Rxc1 Rc8 23. Ne5 Rc7 24. e4 Nf6 25. f3 Qc8 26. Rxc7 Qxc7 27. Kf2 Ne8 28. Qb3 Nd6 29. Nd3 Qc4 30. Qxc4 Nxc4 31. a4 Kf8 32. Nb4 Nb2 33. Nc6 a5 34. d5 exd5 35. exd5 Nxa4 36. Ke3 Ke8 37. Kd4 f6 38. Kc4 Kd7 39. Nd4 g6 40. Kb5 Nc3+ 41. Kxb6 a4 42. Kc5 a3 43. Kc4 a2 44. Nc2 Ne2 45. Kd3 Nxg3 46. Kc3 Ne2+ 47. Kb2 Nf4 48. g3 Nxd5 49. Kxa2 Kd6 50. Kb3 Ke5 51. Kc4 f5 52. Kd3 f4 53. g4 Nc7 54. Nd4 Ne6 55. Nc6+ Kd5 56. Ne7+ Ke5 57. Nxg6+ Kf6 58. Nh4 Kg5 59. Nf5 Nc5+ 60. Kd4 Nb3+ 61. Ke4 Nd2+ 62. Ke5 Nxf3+ 63. Ke4 Nd2+ 64. Ke5 f3 0-1

[Event "Play for Durgesh Fundraiser Blitz"]
[Site "Vishy Anand Arena"]
[Date "2020.09.19"]
[Round "6"]
[White "IndianKing97"]
[Black "Arghyadip"]
[Result "1-0"]
[WhiteElo "2410"]
[BlackElo "2214"]
[Annotator "NA"]
[PlyCount "97"]
[EventDate "2020.09.19"]
[EventType "swiss (blitz)"]

1. c4 e5 2. g3 Nf6 3. Bg2 d5 4. cxd5 Nxd5 5. Nc3 Nb6 6. Nf3 Nc6 7. O-O Be7 8. a3 O-O 9. b4 Be6 10. Rb1 f6 11. d3 a5 12. b5 Nd4 13. Nd2 c6 14. e3 Nxb5 15. Nxb5 cxb5 16. Rxb5 Ra7 17. Bb2 a4 18. Bc3 Nd5 19. Bb2 Qd7 20. Rxd5 Bxd5 21. e4 Bf7 22. Nb1 Rd8 23. Nc3 Qxd3 24. Qc1 Qc4 25. Qa1 Raa8 26. Nd5 Bxd5 27. exd5 Rac8 28. Bh3 Rc5 29. Be6+ Kh8 30. Rd1 Bd6 31. Qb1 Qb3 32. Rd3 Qb6 33. g4 e4 34. Rh3 Rc4 35. Bf5 Be5 36. Bxh7 Qxb2 37. Bxe4+ Kg8 38. Qxb2 Bxb2 39. Bf5 Rc1+ 40. Kg2 Kf8 41. Be6 Ke7 42. Rh7 Kd6 43. Rxg7 f5 44. Rxb7 Be5 45. Rb6+ Ke7 46. Rb7+ Kf6 47. Rb4 Kg5 48. Rxa4 fxg4 49. h4+ 1-0

[Event "Play for Durgesh Fundraiser Blitz"]
[Site "Vishy Anand Arena"]
[Date "2020.09.19"]
[Round "6"]
[White "Aradhya"]
[Black "Position"]
[Result "1-0"]
[WhiteElo "2347"]
[BlackElo "2135"]
[PlyCount "67"]
[EventDate "2020.09.19"]
[EventType "swiss (blitz)"]

1. d4 Nf6 2. c4 e6 3. Nf3 c5 4. d5 exd5 5. cxd5 d6 6. e4 g6 7. Bd3 Bg7 8. O-O O-O 9. Nbd2 a6 10. a4 Nbd7 11. Re1 Re8 12. h3 Rb8 13. a5 Ra8 14. Nc4 Qc7 15. Bf4 Ne5 16. Nfxe5 dxe5 17. Bxe5 Rxe5 18. d6 Qc6 19. Nxe5 Qxd6 20. Nxf7 Qe7 21. Ng5 Be6 22. Nxe6 Qxe6 23. Qc2 Qe7 24. e5 Nd7 25. Bc4+ Kh8 26. Rad1 Nf8 27. Qe4 Re8 28. f4 Qc7 29. Kh2 g5 30. Qd5 Ng6 31. Qd7 Qxd7 32. Rxd7 gxf4 33. Bf7 Re7 34. e6 1-0

[Event "Play for Durgesh Fundraiser Blitz"]
[Site "Vishy Anand Arena"]
[Date "2020.09.19"]
[Round "6"]
[White "VugarAsadli"]
[Black "Kikku"]
[Result "1-0"]
[WhiteElo "2247"]
[BlackElo "2069"]
[PlyCount "59"]
[EventDate "2020.09.19"]
[EventType "swiss (blitz)"]

1. e4 e6 2. d4 d5 3. exd5 exd5 4. Nf3 Nc6 5. c4 Nf6 6. Nc3 Be6 7. c5 h6 8. h3 Ne4 9. Bb5 Be7 10. O-O O-O 11. Bxc6 bxc6 12. Ne5 Nxc3 13. bxc3 Qe8 14. Qa4 Bf6 15. Bf4 Bxe5 16. Bxe5 Qd7 17. Qa5 Rfb8 18. Rab1 Rb5 19. Rxb5 cxb5 20. Bxc7 Bf5 21. Re1 Rc8 22. Bd6 Be6 23. Rb1 g5 24. Qxb5 Qxb5 25. Rxb5 g4 26. hxg4 Rc6 27. f3 Ra6 28. Kh2 Ra3 29. c6 Rxc3 30. Bc5 1-0

[Event "Play for Durgesh Fundraiser Blitz"]
[Site "Vishy Anand Arena"]
[Date "2020.09.19"]
[Round "6"]
[White "Leolek"]
[Black "Gak_chess"]
[Result "0-1"]
[WhiteElo "2226"]
[BlackElo "2263"]
[PlyCount "52"]
[EventDate "2020.09.19"]
[EventType "swiss (blitz)"]

1. e4 e5 2. Nf3 Nc6 3. Nc3 Nf6 4. d4 exd4 5. Nxd4 Bb4 6. Nxc6 bxc6 7. Bd3 d5 8. exd5 cxd5 9. O-O O-O 10. Bg5 c6 11. Ne2 h6 12. Bh4 Bd6 13. c4 Rb8 14. b3 Bxh2+ 15. Kxh2 Ng4+ 16. Kg3 g5 17. Bxg5 Qxg5 18. f4 Qg7 19. Kf3 Re8 20. Qd2 Re3+ 21. Qxe3 Nxe3 22. Kxe3 Bg4 23. Rac1 Re8+ 24. Kd2 Bxe2 25. Bxe2 Qb2+ 26. Rc2 Rxe2+ 0-1

[Event "Play for Durgesh Fundraiser Blitz"]
[Site "Vishy Anand Arena"]
[Date "2020.09.19"]
[Round "6"]
[White "Vinniethepooh"]
[Black "fluffyfly"]
[Result "1-0"]
[WhiteElo "2206"]
[BlackElo "1660"]
[PlyCount "55"]
[EventDate "2020.09.19"]
[EventType "swiss (blitz)"]

1. d4 Nf6 2. c4 g6 3. Nc3 Bg7 4. e4 d6 5. Be2 O-O 6. Nf3 e5 7. O-O Nc6 8. d5 Ne7 9. b4 Ne8 10. a4 f5 11. a5 f4 12. c5 h5 13. Qb3 Kh8 14. Rd1 Ng8 15. Ba3 g5 16. b5 g4 17. Nd2 h4 18. b6 g3 19. bxc7 Qg5 20. Nf3 gxh2+ 21. Kh1 Qg6 22. Nxh4 Qg5 23. Nf3 Qg6 24. cxd6 Bh3 25. gxh3 Bf6 26. Kxh2 Nxd6 27. Rg1 Qh6 28. Bxd6 1-0

[Event "Play for Durgesh Fundraiser Blitz"]
[Site "Vishy Anand Arena"]
[Date "2020.09.19"]
[Round "6"]
[White "Leolek"]
[Black "Gak_chess"]
[Result "1-0"]
[WhiteElo "2205"]
[BlackElo "2284"]
[PlyCount "81"]
[EventDate "2020.09.19"]
[EventType "swiss (blitz)"]

1. e4 c6 2. d4 d5 3. Nc3 dxe4 4. Nxe4 Bf5 5. Ng3 Bg6 6. h4 h6 7. Nf3 Nf6 8. Ne5 Bh7 9. Bc4 e6 10. Be3 Nbd7 11. Qe2 Nxe5 12. dxe5 Nd5 13. Bd2 Bxc2 14. Ne4 Qc7 15. Rc1 Bxe4 16. Qxe4 Qb6 17. O-O Rd8 18. Bb3 Bb4 19. Bf4 Nxf4 20. Qxf4 Bd2 21. Qg4 Bxc1 22. Qxg7 Rf8 23. Rxc1 Rd2 24. Rf1 Qd4 25. Qxh6 Rg8 26. Bxe6 Rg6 27. Qh8+ Ke7 28. Bf5 Rd1 29. Rxd1 Qxd1+ 30. Kh2 Qd4 31. Bxg6 Qf4+ 32. Kh3 fxg6 33. Qf6+ Qxf6 34. exf6+ Kxf6 35. Kg4 c5 36. Kf4 b5 37. Ke4 Ke6 38. g4 a5 39. h5 gxh5 40. gxh5 a4 41. Kd3 1-0

[Event "Play for Durgesh Fundraiser Blitz"]
[Site "Vishy Anand Arena"]
[Date "2020.09.19"]
[Round "6"]
[White "Vinniethepooh"]
[Black "Aadit1728"]
[Result "1-0"]
[WhiteElo "2197"]
[BlackElo "2026"]
[Annotator "NA"]
[PlyCount "45"]
[EventDate "2020.09.19"]
[EventType "swiss (blitz)"]

1. d4 d5 2. c4 e6 3. Nc3 Nf6 4. cxd5 exd5 5. Bg5 Be7 6. e3 c6 7. Bd3 O-O 8. Qc2 Nbd7 9. Nge2 Re8 10. O-O Nf8 11. Rae1 g6 12. f3 Ne6 13. Bh4 Ng7 14. Bf2 Bf5 15. e4 dxe4 16. fxe4 Be6 17. h3 Rc8 18. Nf4 Nfh5 19. Nxe6 Nxe6 20. Bc4 Nxd4 21. Bxf7+ Kxf7 22. Bxd4+ Kg8 23. Qb3+ 1-0

[Event "Play for Durgesh Fundraiser Blitz"]
[Site "Vishy Anand Arena"]
[Date "2020.09.19"]
[Round "6"]
[White "Kaustuv Kundu"]
[Black "Roedor87"]
[Result "0-1"]
[WhiteElo "2189"]
[BlackElo "2042"]
[Annotator "NA"]
[PlyCount "56"]
[EventDate "2020.09.19"]
[EventType "swiss (blitz)"]

1. Nf3 Nf6 2. c4 g6 3. g3 Bg7 4. Bg2 O-O 5. O-O d6 6. Nc3 Nc6 7. d3 e5 8. b3 Nh5 9. Bb2 f5 10. Rc1 f4 11. Ne4 Bg4 12. h3 Bf5 13. g4 Bxe4 14. dxe4 Nf6 15. Ng5 Qd7 16. c5 h6 17. Qd5+ Nxd5 18. exd5 hxg5 19. dxc6 bxc6 20. cxd6 Qxd6 21. Rfd1 Qe7 22. Rxc6 Rad8 23. Rdc1 e4 24. Rxc7 Rd1+ 25. Kh2 Qxc7 26. Rxc7 Bxb2 27. Bxe4 f3 28. Rc2 Be5# 0-1

[Event "Play for Durgesh Fundraiser Blitz"]
[Site "Vishy Anand Arena"]
[Date "2020.09.19"]
[Round "6"]
[White "Kaustuv Kundu"]
[Black "Roedor87"]
[Result "1-0"]
[WhiteElo "2178"]
[BlackElo "2053"]
[Annotator "NA"]
[PlyCount "71"]
[EventDate "2020.09.19"]
[EventType "swiss (blitz)"]

1. Nf3 Nf6 2. g3 g6 3. Bg2 Bg7 4. O-O O-O 5. c4 c5 6. Nc3 Nc6 7. d4 cxd4 8. Nxd4 Qa5 9. Nb3 Qh5 10. e3 d6 11. Qxh5 Nxh5 12. Nd2 Bxc3 13. bxc3 Be6 14. Ba3 Rfc8 15. c5 d5 16. Nb3 Nf6 17. Nd4 Nxd4 18. cxd4 Bd7 19. Rab1 Rab8 20. Rfc1 Bc6 21. Bb4 Ne4 22. f3 Nf6 23. Kf2 Re8 24. h4 h5 25. Bh3 e5 26. Bd2 e4 27. f4 Bd7 28. Bf1 Ng4+ 29. Kg2 Bc6 30. Rb2 f5 31. Rcb1 Rec8 32. Be2 Kf7 33. Kf1 Ke6 34. Ke1 Kd7 35. Bb5 Nf2 36. Kxf2 1-0

[Event "Play for Durgesh Fundraiser Blitz"]
[Site "Vishy Anand Arena"]
[Date "2020.09.19"]
[Round "6"]
[White "Suyu28"]
[Black "KananGarayev"]
[Result "0-1"]
[WhiteElo "2176"]
[BlackElo "2266"]
[Annotator "NA"]
[PlyCount "120"]
[EventDate "2020.09.19"]
[EventType "swiss (blitz)"]

1. Nf3 Nf6 2. g3 g6 3. Bg2 Bg7 4. b3 O-O 5. Bb2 d6 6. d4 c5 7. c4 Qa5+ 8. Qd2 Qxd2+ 9. Nbxd2 Nfd7 10. O-O-O Nc6 11. dxc5 Nxc5 12. Bxg7 Kxg7 13. Kb2 a5 14. a3 Ra6 15. Kc3 Rb6 16. e3 Bd7 17. Nd4 Rc8 18. Nb5 Ne5 19. a4 e6 20. Nb1 d5 21. Kd4 Ng4 22. Rhf1 Nxb3+ 23. Kc3 Nc5 24. N1a3 Nxa4+ 25. Kd2 Nb2 26. Rb1 Nxc4+ 27. Nxc4 Rxc4 28. Na3 Rcb4 29. f3 Ne5 30. Rxb4 Rxb4 31. Nc2 Rb3 32. Ra1 Nc4+ 33. Ke2 a4 34. e4 Rb2 35. Kd3 Bb5 36. Kc3 Rb3+ 37. Kd4 dxe4 38. fxe4 Nd2 39. e5 Rd3+ 40. Kc5 Rc3+ 41. Kxb5 Rxc2 42. Bxb7 Rb2+ 43. Ka6 Nc4 44. Rxa4 Nxe5 45. h4 h5 46. Ra3 Rd2 47. Be4 f5 48. Bb7 Kf6 49. Kb5 Rd6 50. Kc5 Rd3 51. Ra8 Rc3+ 52. Kd4 Rd3+ 53. Kc5 Rxg3 54. Kd6 Nf7+ 55. Kd7 Rd3+ 56. Ke8 Nd6+ 57. Kf8 Nxb7 58. Kg8 Rd8+ 59. Kh7 Rxa8 60. Kh6 Rh8# 0-1

[Event "Play for Durgesh Fundraiser Blitz"]
[Site "Vishy Anand Arena"]
[Date "2020.09.19"]
[Round "6"]
[White "lsr"]
[Black "Padmaesh M K"]
[Result "1-0"]
[WhiteElo "2162"]
[BlackElo "1945"]
[Annotator "NA"]
[PlyCount "65"]
[EventDate "2020.09.19"]
[EventType "swiss (blitz)"]

1. Nf3 d5 2. g3 Nf6 3. Bg2 c5 4. O-O Nc6 5. d4 e6 6. c4 Be7 7. cxd5 exd5 8. Nc3 O-O 9. dxc5 Bxc5 10. Na4 Be7 11. Be3 Be6 12. Rc1 Ng4 13. Bf4 Bd6 14. Bxd6 Qxd6 15. Nc5 b6 16. Nxe6 fxe6 17. e3 Nge5 18. Nxe5 Nxe5 19. Kh1 Rf7 20. Qd4 Raf8 21. f4 Nc6 22. Qc3 Rc7 23. e4 d4 24. e5 dxc3 25. exd6 cxb2 26. dxc7 bxc1=Q 27. Rxc1 Ne7 28. Bb7 Nc8 29. Rd1 a5 30. Rd8 Ne7 31. Rd7 Nc8 32. Bxc8 Rxc8 33. Rd8+ 1-0

[Event "Play for Durgesh Fundraiser Blitz"]
[Site "Vishy Anand Arena"]
[Date "2020.09.19"]
[Round "6"]
[White "Ilamparthi"]
[Black "Stark11"]
[Result "1-0"]
[WhiteElo "2155"]
[BlackElo "2012"]
[Annotator "NA"]
[PlyCount "65"]
[EventDate "2020.09.19"]
[EventType "swiss (blitz)"]

1. Nf3 d5 2. g3 Nf6 3. Bg2 c5 4. O-O Nc6 5. d3 e6 6. Nbd2 Be7 7. e4 b6 8. Re1 Bb7 9. Qe2 Qc7 10. e5 Nd7 11. Nf1 h6 12. h4 g5 13. N1h2 Rg8 14. hxg5 hxg5 15. Ng4 O-O-O 16. c3 Rg6 17. Bd2 Rdg8 18. a3 R6g7 19. b4 Rh7 20. d4 c4 21. a4 a5 22. b5 Nd8 23. Qd1 f5 24. exf6 Nxf6 25. Nxg5 Rhg7 26. Nxf6 Bxf6 27. Nxe6 Nxe6 28. Rxe6 Bd8 29. Bf4 Qf7 30. Bh3 Rh8 31. Re7+ Rxh3 32. Rxf7 Rxf7 33. Qg4+ 1-0

[Event "Play for Durgesh Fundraiser Blitz"]
[Site "Vishy Anand Arena"]
[Date "2020.09.19"]
[Round "6"]
[White "Aaryan Varshney"]
[Black "Carlashis"]
[Result "0-1"]
[WhiteElo "2153"]
[BlackElo "1991"]
[PlyCount "74"]
[EventDate "2020.09.19"]
[EventType "swiss (blitz)"]

1. d4 Nf6 2. c4 g6 3. Nc3 Bg7 4. e4 d6 5. Nf3 O-O 6. Be2 Bg4 7. O-O Bxf3 8. Bxf3 c6 9. Be3 e5 10. Qd2 exd4 11. Bxd4 Nbd7 12. Be2 Nc5 13. f3 Re8 14. Rad1 Nh5 15. Bxg7 Nxg7 16. Qxd6 Qb6 17. Kh1 Qxb2 18. Qxc5 Qxc3 19. Rd7 Ne6 20. Qd6 Red8 21. h3 Rxd7 22. Qxd7 Rd8 23. Qxb7 Rd2 24. Qb8+ Kg7 25. f4 Rxe2 26. f5 Qf6 27. Qxa7 Ng5 28. e5 Qxe5 29. f6+ Kh6 30. Qa8 Nf3 31. Qf8+ Kh5 32. g4+ Kh4 33. Qh6+ Kg3 34. Rxf3+ Kxf3 35. Qf4+ Qxf4 36. Kg1 Qg3+ 37. Kh1 Qg2# 0-1

[Event "Play for Durgesh Fundraiser Blitz"]
[Site "Vishy Anand Arena"]
[Date "2020.09.19"]
[Round "6"]
[White "Anirudhha"]
[Black "Babysnake"]
[Result "0-1"]
[WhiteElo "2089"]
[BlackElo "2511"]
[PlyCount "140"]
[EventDate "2020.09.19"]
[EventType "swiss (blitz)"]

1. e4 c6 2. d4 d5 3. Nc3 dxe4 4. Nxe4 Nf6 5. Nxf6+ exf6 6. Nf3 Bd6 7. Bd3 O-O 8. O-O Bg4 9. h3 Bh5 10. c3 Nd7 11. Be3 Re8 12. Be2 Nf8 13. Nd2 Bg6 14. Nc4 Bc7 15. Bd3 b5 16. Bxg6 bxc4 17. Bc2 Qd6 18. Re1 Qh2+ 19. Kf1 Ne6 20. Qf3 Nf4 21. g3 Qxh3+ 22. Kg1 g5 23. Rad1 h5 24. Qxc6 Rac8 25. gxf4 gxf4 26. Qg2+ Qxg2+ 27. Kxg2 fxe3 28. fxe3 Rb8 29. b3 cxb3 30. axb3 Ba5 31. Rd3 Rec8 32. b4 Bxb4 33. Rb1 Ba5 34. Rxb8 Rxb8 35. c4 Rb2 36. Kg3 Rxc2 37. Ra3 Be1+ 38. Kf3 f5 39. Kf4 Rxc4 40. Kxf5 Kg7 41. Rxa7 Rc2 42. e4 h4 43. Ke5 h3 44. Ra3 h2 45. Rh3 Rg2 46. d5 Bg3+ 47. Kf5 Rg1 48. e5 h1=Q 49. Rxh1 Rxh1 50. e6 fxe6+ 51. dxe6 Re1 52. Kg4 Rxe6 53. Kf3 Kf6 54. Kxg3 Re5 55. Kf3 Rf5+ 56. Ke2 Ke5 57. Kd3 Rf4 58. Kc2 Re4 59. Kc3 Rd4 60. Kc2 Kd5 61. Kb3 Kc5 62. Kb2 Rc4 63. Kb1 Kd4 64. Kb2 Rc3 65. Kb1 Kc4 66. Ka2 Kb4 67. Kb1 Rc4 68. Ka1 Kb3 69. Kb1 Rc5 70. Ka1 Rc1# 0-1

[Event "Play for Durgesh Fundraiser Blitz"]
[Site "Vishy Anand Arena"]
[Date "2020.09.19"]
[Round "6"]
[White "Mithil"]
[Black "Apply11"]
[Result "1-0"]
[WhiteElo "2077"]
[BlackElo "1868"]
[Annotator "NA"]
[PlyCount "73"]
[EventDate "2020.09.19"]
[EventType "swiss (blitz)"]

1. d4 Nf6 2. Nf3 e6 3. c4 Bb4+ 4. Bd2 Qe7 5. g3 O-O 6. Bg2 Bxd2+ 7. Qxd2 d6 8. Nc3 e5 9. O-O Nc6 10. dxe5 dxe5 11. Nd5 Qd6 12. Rfd1 Nxd5 13. cxd5 Ne7 14. Rac1 Bg4 15. Qc3 Bxf3 16. Bxf3 Rac8 17. e4 f6 18. Bg4 f5 19. exf5 Nxf5 20. Re1 g6 21. Rxe5 Rce8 22. Rxe8 Rxe8 23. Bxf5 gxf5 24. Qxc7 Qxd5 25. Qf4 Kf7 26. Qh6 Re7 27. Qxh7+ Ke8 28. Qh8+ Kd7 29. Qc8+ Kd6 30. Qd8+ Rd7 31. Qf6+ Qe6 32. Rd1+ Kc7 33. Qxe6 Rxd1+ 34. Kg2 f4 35. Qe5+ Kc8 36. Qxf4 Rd8 37. h4 1-0

[Event "Play for Durgesh Fundraiser Blitz"]
[Site "Vishy Anand Arena"]
[Date "2020.09.19"]
[Round "6"]
[White "Aditya_dpawn"]
[Black "Audi_S_Tesla"]
[Result "0-1"]
[WhiteElo "2049"]
[BlackElo "1930"]
[Annotator "NA"]
[PlyCount "62"]
[EventDate "2020.09.19"]
[EventType "swiss (blitz)"]

1. e4 e5 2. Nf3 Nc6 3. Bb5 a6 4. Ba4 Nf6 5. O-O Nxe4 6. Re1 Nc5 7. Bxc6 dxc6 8. Nxe5 Be7 9. d4 Ne6 10. c3 O-O 11. f4 f6 12. Nf3 Rf7 13. f5 Nf8 14. Nh4 c5 15. d5 b5 16. b3 c4 17. Qd4 Bb7 18. bxc4 bxc4 19. Rd1 c6 20. d6 Bxd6 21. Qxd6 Rd7 22. Qxd7 Nxd7 23. Be3 Qe7 24. Bf4 Qe4 25. g3 c5 26. Na3 Qh1+ 27. Kf2 Qxh2+ 28. Kf1 Re8 29. Re1 Ne5 30. Nxc4 Qh1+ 31. Kf2 Nd3# 0-1

[Event "Play for Durgesh Fundraiser Blitz"]
[Site "Vishy Anand Arena"]
[Date "2020.09.19"]
[Round "6"]
[White "Aditya_dpawn"]
[Black "Audi_S_Tesla"]
[Result "1-0"]
[WhiteElo "2036"]
[BlackElo "1950"]
[PlyCount "89"]
[EventDate "2020.09.19"]
[EventType "swiss (blitz)"]

1. e4 e6 2. d4 d5 3. Nd2 Nc6 4. Ngf3 Nf6 5. c3 dxe4 6. Ng5 e3 7. fxe3 Nd5 8. Ndf3 Be7 9. e4 Nf6 10. e5 Nd5 11. Bd3 h6 12. Ne4 O-O 13. O-O f5 14. exf6 Nxf6 15. Qe2 Qd5 16. Nxf6+ Bxf6 17. Bc2 Bd7 18. Qd3 Qf5 19. Qe2 Qh5 20. Qd3 Qf5 21. Qe2 Qh5 22. Be3 Rae8 23. Rae1 Ne7 24. Qd3 Qf5 25. Qd2 Qh5 26. Bd1 Qa5 27. Bf4 Nd5 28. Be5 Bb5 29. Rf2 Qxa2 30. Bc2 Qa6 31. Bxf6 Rxf6 32. Ne5 Ref8 33. Rxf6 Rxf6 34. Ng4 Rf8 35. Ne5 Nf4 36. Qe3 Ne2+ 37. Kh1 Nf4 38. Qe4 Rf5 39. g4 Rxe5 40. Qxe5 Bc6+ 41. Be4 Bxe4+ 42. Qxe4 Nd3 43. Qxe6+ Kh7 44. Qf5+ Kg8 45. Re8# 1-0

[Event "Play for Durgesh Fundraiser Blitz"]
[Site "Vishy Anand Arena"]
[Date "2020.09.19"]
[Round "6"]
[White "Francy29"]
[Black "SAIMANIVANNAN"]
[Result "1-0"]
[WhiteElo "2025"]
[BlackElo "1635"]
[Annotator "NA"]
[PlyCount "67"]
[EventDate "2020.09.19"]
[EventType "swiss (blitz)"]

1. d4 d5 2. c4 c6 3. Nf3 Nf6 4. e3 e6 5. b3 Bb4+ 6. Nbd2 Ne4 7. Bd3 Nd7 8. O-O Nxd2 9. Bxd2 Bxd2 10. Qxd2 Nf6 11. Ne5 O-O 12. f4 c5 13. dxc5 Qc7 14. Rac1 Qxc5 15. b4 Qe7 16. cxd5 Nxd5 17. a3 f6 18. Nc4 Bd7 19. e4 Nb6 20. Na5 Be8 21. Qc3 Bf7 22. Qc5 Qxc5+ 23. bxc5 Na4 24. Nxb7 Rab8 25. Nd6 Nxc5 26. Rxc5 Rfd8 27. e5 f5 28. Rc7 Bh5 29. Bc4 Rb2 30. Bxe6+ Kf8 31. h3 Be2 32. Rf7+ Kg8 33. Rd7+ Kh8 34. Rxd8# 1-0

[Event "Play for Durgesh Fundraiser Blitz"]
[Site "Vishy Anand Arena"]
[Date "2020.09.19"]
[Round "6"]
[White "SymbolX"]
[Black "Shriya R"]
[Result "0-1"]
[WhiteElo "2015"]
[BlackElo "1846"]
[Annotator "NA"]
[PlyCount "136"]
[EventDate "2020.09.19"]
[EventType "swiss (blitz)"]

1. c4 c5 2. g3 Nc6 3. Bg2 g6 4. Nc3 Bg7 5. Nf3 d6 6. O-O e5 7. b3 Nge7 8. Bb2 O-O 9. e3 h6 10. Re1 Be6 11. a3 f5 12. d4 e4 13. d5 exf3 14. Bxf3 Bd7 15. dxc6 Bxc6 16. Bxc6 bxc6 17. Qf3 Qc7 18. Rad1 Rad8 19. e4 Kh7 20. Qe2 f4 21. Qg4 fxg3 22. fxg3 Bd4+ 23. Kh1 Rf2 24. Re2 Rdf8 25. Ba1 Rf1+ 26. Kg2 Rxd1 27. Nxd1 Bxa1 28. h4 Qc8 29. Qxc8 Nxc8 30. b4 Bd4 31. bxc5 Bxc5 32. Rb2 Nb6 33. a4 Rf7 34. a5 Nxc4 35. Rb8 Nxa5 36. Rc8 Bb6 37. Kh3 Nb7 38. Rxc6 Rc7 39. Rxc7+ Bxc7 40. Nc3 Bb6 41. Nd5 Bc5 42. Kg4 a5 43. h5 a4 44. hxg6+ Kxg6 45. Kf4 a3 46. Nc3 Bd4 47. Na2 Na5 48. g4 Nc6 49. Kf3 Bc5 50. Kf4 Nb4 51. Nc1 a2 52. Nxa2 Nxa2 53. e5 dxe5+ 54. Kxe5 Kg5 55. Ke4 Kxg4 56. Kd5 h5 57. Kxc5 h4 58. Kc4 h3 59. Kb3 h2 60. Kxa2 h1=Q 61. Kb3 Qe4 62. Kc3 Kf4 63. Kb2 Ke5 64. Kb3 Kd4 65. Ka2 Qd3 66. Kb2 Qb5+ 67. Ka2 Kc3 68. Ka3 Qb3# 0-1

[Event "Play for Durgesh Fundraiser Blitz"]
[Site "Vishy Anand Arena"]
[Date "2020.09.19"]
[Round "6"]
[White "Junosource"]
[Black "Khs95"]
[Result "0-1"]
[WhiteElo "1981"]
[BlackElo "1715"]
[Annotator "NA"]
[PlyCount "54"]
[EventDate "2020.09.19"]
[EventType "swiss (blitz)"]

1. d4 g6 2. e4 b6 3. c4 d6 4. Nc3 Bg7 5. Nf3 Nf6 6. Be2 O-O 7. O-O Bb7 8. Qc2 Nbd7 9. Rd1 e6 10. Rb1 Rc8 11. b4 a6 12. h3 Qe7 13. Be3 e5 14. d5 Nh5 15. Ne1 Nf4 16. Bf1 f5 17. g3 Nh5 18. Nd3 f4 19. gxf4 exf4 20. Bd2 f3 21. c5 dxc5 22. bxc5 Ne5 23. c6 Ba8 24. Rb3 Qh4 25. Nxe5 Bxe5 26. Nb1 Bh2+ 27. Kxh2 Qxf2+ 0-1